Mort subite - Ville de France - Statistiques

Statistiques générales
  • Ce quiz a été pris 223 fois
    170 depuis la dernière actualisation
  • Le résultat moyen est 12 sur 17
Answers on the Grid
Answers color-coded by a green-red scale on the quiz's grid according to % correct below.
Ajaccio
Anvers
Paris
Montreux
Toulouse
Renens
Naples
Francfort-sur-le-Main
Mulhouse
Ile-de-France
Rouen
Tourcoing
Quimper
Bastia
Richmond
Arles
Dax
Caxito
Dunkerque
Alpes de Hautes-Provinces
Nantes
Couvin
Marseille
Nevers
Luanda
Florac
Leopolville
Colmar
Ardennes
Roubaix
 
Statistiques - réponses
Réponse % Correct
Ajaccio
92%
Paris
83%
Toulouse
77%
Rouen
74%
Quimper
73%
Tourcoing
73%
Bastia
72%
Dunkerque
72%
Roubaix
72%
Nantes
71%
Marseille
71%
Colmar
70%
Mulhouse
69%
Arles
65%
Dax
64%
Nevers
54%
Florac
34%
Aucun quiz correspondant
Distribution des résultats
% des personnes avec chaque résultat
Percentile par nombre de réponses
Votre historique - résultats
Vous n’avez pas pris ce quiz depuis la dernière actualisation